| 000 | 00985cam a22002651 4500 | ||
|---|---|---|---|
| 001 | l 44000088 | ||
| 003 | DLC | ||
| 005 | 20260227111538.0 | ||
| 008 | 921016s1944 dcu f000 0 eng c | ||
| 010 | _al 44000088 | ||
| 035 | _a(OCoLC)26795373 | ||
| 040 |
_aU.S. Dept. of Labor. Libr. _cCLU _dDLC |
||
| 042 | _apremarc | ||
| 050 | 0 | 0 |
_aHD6093 _b.A355 no. 18 |
| 082 | _a331.4 | ||
| 100 | 1 | _aPidgeon, Mary Elizabeth. | |
| 245 | 1 | 2 |
_aA preview as to women workers in transition from war to peace, _cby Mary Elizabeth Pidgeon ... |
| 260 |
_aWashington, _bU.S. Govt. Print. Off., _c1944. |
||
| 300 |
_aiv, 26 p. _c23 cm. |
||
| 410 | 1 | 0 |
_aUnited States. _bWomen's Bureau. _tSpecial bulletin, _vno. 18 |
| 500 | _aAt head of title: United States Dept. of Labor, Frances Perkins, secretary. Women's Bureau, Mary Anderson, director. | ||
| 650 | 0 |
_aWomen _xEmployment _zUnited States. |
|
| 650 | 0 |
_aReconstruction (1939-1951) _zUnited States. |
|
| 651 | 0 |
_aUnited States _xEconomic policy. |
|
| 999 |
_c36451 _d36451 |
||